| 000 | 00326nam a22001337a 4500 | ||
|---|---|---|---|
| 020 | _a0-89838-230-0 | ||
| 082 | _a629.892 FEA'R | ||
| 100 |
_aFEATHERSTONE, R _965511 |
||
| 245 | _aROBOT DYNAMICS ALGORITHMS | ||
| 260 |
_aBOSTON _bKLUWER ACADEMIC _c1987 |
||
| 300 | _aX, 211P | ||
| 650 |
_aROBOTS DYNAMICS _965512 |
||
| 942 | _cBK | ||
| 999 |
_c573695 _d573695 |
||